Central Library OPAC University of Rajshahi

The muses' pageant / (Record no. 6135)

MARC details
000 -LEADER
fixed length control field 00734cam a2200229u 4500
001 - CONTROL NUMBER
control field 6135
003 - CONTROL NUMBER IDENTIFIER
rucl marc code BD-RjUL
005 - DATE AND TIME OF LATEST TRANSACTION
control field 20211208234206.0
008 - FIXED-LENGTH DATA ELEMENTS--GENERAL INFORMATION
fixed length control field 090114m19291912enk 000 0 eng
035 ## - SYSTEM CONTROL NUMBER
System control number (BD-RjUL)
040 ## - CATALOGING SOURCE
Original cataloging agency DLC
Transcribing agency CarP
Modifying agency DLC
Language of cataloging eng
041 ## - LANGUAGE CODE
Language code of text/sound track or separate title eng
082 ## - DEWEY DECIMAL CLASSIFICATION NUMBER
Edition number 20
Classification number 291.1785
Author mark and year HUM 1929
100 1# - MAIN ENTRY--PERSONAL NAME
Personal name Hutchinson, W. M. L.
Fuller form of name (Winifred Margaret Lambart),
Dates associated with a name 1868-
9 (RLIN) 19303
245 14 - TITLE STATEMENT
Title The muses' pageant /
Remainder of title myths & legends of ancient Greece,
260 ## - PUBLICATION, DISTRIBUTION, ETC. (IMPRINT)
Place of publication, distribution, etc. London & Toronto,
Name of publisher, distributor, etc. J. M. Dent & sons, ltd.;
Place of publication, distribution, etc. New York,
Name of publisher, distributor, etc. E. P. Dutton & co.
Date of publication, distribution, etc. [1912 [Reprinted 1929]
300 ## - PHYSICAL DESCRIPTION
Pagination 2 v. 221p.:
Size 18 cm.
650 #0 - SUBJECT ADDED ENTRY--TOPICAL TERM
Topical term or geographic name as entry element Mythology, Greek.
9 (RLIN) 19304
942 ## - ADDED ENTRY ELEMENTS (KOHA)
Source of classification or shelving scheme Dewey Decimal Classification
Koha item type Books
Holdings
Lost status Source of classification or shelving scheme Materials specified (bound volume or other part) Damaged status Not for loan Collection code Permanent Location Current Location Shelving location Date acquired Source of acquisition Cost, normal purchase price Total Checkouts Full call number Date last seen Copy number Koha item type
  Dewey Decimal Classification V-2   Not For Loan Non-fiction Central Library, University of Rajshahi Central Library, University of Rajshahi   17/09/1955 B.H Black well 0.00   291.1785 HUM 1929 09/01/2014 C-1 Books